000 00214nam a2200097Ia 4500
005 20251222141929.0
008 251222s9999||||xx |||||||||||||| ||spa||
082 _a020.7/I59
245 0 _aCurrent concerns
942 _cLIB
999 _c8956
_d8956